000 01121nam a22003617a 4500
001 0048878
003 KOHA_MİRAKIL
005 20260207003630.0
007 ta
008 150629b2014 tu |||gr||||#||||0|tur |
020 _a9789944105545
040 _aTR-BiSEU
_btur
_cTR-BiSEU
_erda
041 0 _atur
044 _ctu
050 _aHB95
_b.C76 2014
100 1 _aCrouch, Colin.
245 1 _a Neoliberalizmin garip ölümsüzlüğü/
_cColin Crouch ; Colin Crouch; Türkçesi Uygur Gezen.
264 1 _aİstanbul :
_bAçılım Kitap
_c2014
300 _a200 sayfa; 25 cm.
336 _ametin
_btxt
_2rdacontent
337 _aaracısız
_bn
_2rdamedia
338 _acilt
_bnc
_2rdacarrier
490 1 _aAçılımkitap ;
_v60.
490 1 _a1: 1 Atlas Dizisi ;
_v1.
650 0 _aNeoliberalism.
_922450
650 0 _aCorporations--Political activity.
_989598
650 0 _aCorporate state.
_989599
650 0 _aEconomic policy.
_97386
650 0 _aEconomics-- Sociological aspects.
_989600
830 1 _aAçılımkitap ;
_v60.
_989587
830 1 _a1: 1 Atlas Dizisi ;
_v1.
_989601
942 _2lcc
_cBK
999 _c48717
_d48717